Case Analysis in Clinical Ethics (Record no. 4731)

MARC details
000 -LEADER
fixed length control field 00941cam a22002897a 4500
001 - CONTROL NUMBER
control field 14275774
003 - CONTROL NUMBER IDENTIFIER
control field OSt
005 - DATE AND TIME OF LATEST TRANSACTION
control field 20161019180453.0
008 - FIXED-LENGTH DATA ELEMENTS--GENERAL INFORMATION
fixed length control field 060223s2005 enka f b 001 0 eng d
010 ## - LIBRARY OF CONGRESS CONTROL NUMBER
LC control number 2006272805
015 ## - NATIONAL BIBLIOGRAPHY NUMBER
Source bnb
National bibliography number GBA541993
020 ## - INTERNATIONAL STANDARD BOOK NUMBER
International Standard Book Number 0521835496
020 ## - INTERNATIONAL STANDARD BOOK NUMBER
International Standard Book Number 9780521835497
035 ## - SYSTEM CONTROL NUMBER
System control number (OCoLC)ocm60418272
040 ## - CATALOGING SOURCE
Original cataloging agency UKM
Language of cataloging eng
Transcribing agency UKM
Modifying agency BAKER
-- BWKUK
-- PMC
-- DLC
042 ## - AUTHENTICATION CODE
Authentication code ukblsr
-- lccopycat
082 ## - DEWEY DECIMAL CLASSIFICATION NUMBER
Classification number W 21
Item number C26a 2005
100 ## - MAIN ENTRY--PERSONAL NAME
Personal name Editor Ashcroft, Richard E.[et...al]
9 (RLIN) 11221
245 00 - TITLE STATEMENT
Title Case Analysis in Clinical Ethics
260 ## - PUBLICATION, DISTRIBUTION, ETC. (IMPRINT)
Name of publisher, distributor, etc. Cambridge University Press,
Date of publication, distribution, etc. 2005.
300 ## - PHYSICAL DESCRIPTION
Extent xiii , 246 p. :
Other physical details ill. ;
Dimensions 24 cm.
504 ## - BIBLIOGRAPHY, ETC. NOTE
Bibliography, etc Includes bibliographical references and index.
650 #0 - SUBJECT ADDED ENTRY--TOPICAL TERM
Topical term or geographic name as entry element Medical ethics
9 (RLIN) 10193
856 42 - ELECTRONIC LOCATION AND ACCESS
Materials specified Publisher description
Uniform Resource Identifier http://www.loc.gov/catdir/enhancements/fy0632/2006272805-d.html
906 ## - LOCAL DATA ELEMENT F, LDF (RLIN)
a 7
b cbc
c copycat
d 2
e ncip
f 20
g y-gencatlg
942 ## - ADDED ENTRY ELEMENTS (KOHA)
Source of classification or shelving scheme Other/Generic Classification Scheme
Koha item type Open Shelf
Holdings
Withdrawn status Lost status Source of classification or shelving scheme Damaged status Not for loan Home library Current library Date acquired Source of acquisition Inventory number Total Checkouts Full call number Barcode Date last seen Koha item type
    Other/Generic Classification Scheme     MUST Main Library MUST Main Library 13/07/2016   09/31932   W 21 C26a 2005 2016-3156 13/07/2016 Open Shelf